=LDR 00000nam 2200000 4500 =001 INLIS000000000000945 =005 20200929081144 =035 ##$$a 0010-061300000000945 =008 200929################g##########0#ind## =041 ##$$a Ind =082 ##$$a 303.4 =090 ##$$a 303.4, Din =245 ##$$a Dinamika budaya dan politik dalam pembangunan /$c editor Fauzie Ridjal, M. Rusli Karim =260 ##$$a Yogyakarta :$b Tiara Wacana Yogya,$c 1999 =300 ##$$a xvii, 375 hlm. ; $c 14 x 20 cm. =650 #4$$a Kebudayaan =700 #$$a Rijal, Fauzie =850 ##$$a NBPNMAT =020 ##$$a 978-8120-28-0 =084 ##$$a 303.4 DIN d =504 ##$$a Indeks : hlm. 369 - 375 =990 ##$$a 69.328 pro.94 =990 ##$$a 00052097 =990 ##$$a 00089155